| 000 | 01677cam a2200325 a 4500 | ||
|---|---|---|---|
| 001 | 6620 | ||
| 003 | FISKH | ||
| 005 | 20250820083252.0 | ||
| 008 | 080418s2009 maua 000 0 eng | ||
| 010 | _a 2008017916 | ||
| 020 | _a9780763636210 (hc.) | ||
| 020 | _a9780545279345 | ||
| 020 | _a9780763658182 | ||
| 020 | _a0763636215 (hc.) | ||
| 040 |
_aDLC _cDLC _dDLC _beng |
||
| 050 | _aPR9199.H345 A69 | ||
| 082 | _a811.6 | ||
| 100 | 1 | _aHarley, Avis. | |
| 245 | 1 | 0 |
_aAfrican acrostics : _ba word in edgeways / _cpoems by Avis Harley ; photographs by Deborah Noyes. |
| 260 |
_aSomerville : _bCandlewick Press, _c2009. |
||
| 300 |
_a38 unnumbered pages : _bcolor illustrations ; _c22 x 26 cm |
||
| 520 | _aInside every acrostic is a secret message, often lurking in the first letter of each line (read top to bottom). But look out! These acrostics not only follow their subjects to Africa, but they also take the form to a whole new level. Here you'll find the elusive double acrostic (in which the first and last letters of each line spell a message), the cross acrostic (in which the message is read diagonally), and the multiple acrostic (see it to believe it), not to mention lions, zebras, crocodiles, hippos, leopards, and elephants. Oh, my! Illustrated with gorgeous full-color photographs, this collection is sure to send poetry buffs and animal lovers on an armchair safari they'll never forget. | ||
| 650 | 0 |
_aAnimals _zAfrica _vJuvenile poetry. |
|
| 650 | 0 | _aChildren's poetry, Canadian. | |
| 650 | 0 | _aAcrostics. | |
| 700 | 1 |
_aNoyes, Deborah, _eillustrator |
|
| 906 |
_a7 _bcbc _corignew _d1 _eecip _f20 _gy-gencatlg |
||
| 942 |
_2ddc _cBK _n0 |
||
| 999 |
_c6620 _d6620 |
||